La vida en el suelo
में बचाया:
| मुख्य लेखकों: | , |
|---|---|
| स्वरूप: | पुस्तक |
| भाषा: | स्पेनिश |
| प्रकाशित: |
Barcelona
Omega
1974
|
| श्रृंखला: | Cuadernos de Biología
|
| विषय: | |
| टैग: |
टैग जोड़ें
कोई टैग नहीं, इस रिकॉर्ड को टैग करने वाले पहले व्यक्ति बनें!
|
MARC
| LEADER | 00000nam a2200000 a 4500 | ||
|---|---|---|---|
| 001 | UCU3365 | ||
| 003 | CL-VaPUC | ||
| 008 | 960510e19740000SP |||||||||||||||||spa|d | ||
| 082 | 0 | 4 | |a 577.586 |b JAC |2 21 |
| 100 | 0 | |a Jackson, Richard M |e author |9 360270 | |
| 700 | 0 | |a Raw, Frank |e author |9 360271 | |
| 245 | 1 | 3 | |a La vida en el suelo |
| 300 | |a 69 p | ||
| 942 | |c BK | ||
| 945 | |d 19960510 00:00:00 |a rleighto | ||
| 260 | |a Barcelona |b Omega |c 1974 | ||
| 650 | 0 | |a Medio ambiente |9 257625 | |
| 650 | 0 | |a Suelos |9 260322 | |
| 650 | 7 | |a GENESIS DEL SUELO |2 CL-VaPUC |9 360221 | |
| 650 | 7 | |a TIPOS DE SUELO |2 CL-VaPUC |9 360272 | |
| 650 | 7 | |a FISICA DEL SUELO |2 CL-VaPUC |9 350105 | |
| 650 | 0 | |a Agua del suelo |9 348474 | |
| 650 | 0 | |a Ecología |9 258124 | |
| 650 | 0 | |a Ecosistemas |9 261477 | |
| 650 | 0 | |a Microorganismos |9 264259 | |
| 650 | 7 | |a FAUNA |2 CL-VaPUC |9 349523 | |
| 650 | 0 | |a Animales |9 269820 | |
| 650 | 0 | |a Química de los suelos |9 358409 | |
| 583 | |a last modification |c 19960510 00:00:00 |k Rodrigo Vera | ||
| 490 | 0 | |a Cuadernos de Biología | |
| 999 | |c 247395 |d 247393 | ||